Quizzes
Events
Quiz Creation
Community
Videos
Private Events
Remove Ads
Sign In
Join for FREE
Feedback
Dark Mode
Quiz Categories
Sports
Geography
Music
Movies
Television
Just For Fun
Miscellaneous
History
Literature
Language
Science
Gaming
Entertainment
Religion
Holiday
For Kids
Quiz Lab
Recent
Popular Today
Quiz Kudos Today
Editor Picks
Curator Picks
Quizzes by...
Day
Popularity
Type
Ratings
Length
Year
Community
Subscriptions
Recent Discussions
Orange Saloon
Badges
Playlists
Quests
Create
Leaderboards
Showdown
Live 5
Trivia Bingo
Activity
Puzzle Library
Sporcle Events
Private Events
Virtual Trivia
Globe League
Become a Host
Pub Owners
SporcleCon
Opinionation
Our Games
Videos
Blog
Mobile Apps
Partnerships
Remove Ads and Go Orange
Feedback
Sports
Athletes
MLB
NBA
NHL
NFL
Soccer
Sports Teams
WWE
NCAA
Football
Premier League
Basketball
Baseball
Hockey
Golf
Tennis
Cricket
Rugby
Auto Racing
Olympics
World Cup
Sports
Athletes
MLB
NBA
NHL
NFL
Soccer
Sports Teams
WWE
NCAA
Football
Premier League
Basketball
Baseball
Hockey
Golf
Tennis
Cricket
Rugby
Auto Racing
Olympics
World Cup
Random Quiz
Search Sporcle
×
Quiz Lab
Quiz Lab
Sports
Basketball
Type in answers that appear in a list
Type in answers that appear in a list
Classic
Best Score? Go Orange.
Top 100 NBA Players (2010-2011) Stats
Can you name the Top 100 NBA Players (2010-2011)?
By
badeyes07
10m
100 Questions
5,966 Plays
5,966 Plays
5,966 Plays
Comments
Comments
Give Quiz Kudos
Give Quiz Kudos
-
- Ratings
hide this ad
Replay
Link that replays current quiz
Next Quiz
Link to next quiz in quiz playlist
You Got
0%
They Got
Avg Score
67%
Avg Friend Score
Upgrade to see
Score Distribution
Jump to the score distribution portion of the page
Score
0/100
Timer
10:00
0
Plays Today
Position, Team
Player
% Correct
SF, Miami Heat
Lebron James
99.3%
SG, Miami Heat
Dwyane Wade
97.6%
C, Orlando Magic
Dwight Howard
97.4%
SG, Los Angeles Lakers
Kobe Bryant
97.3%
PG, New Orleans Hornets
Chris Paul
95.4%
PF, Dallas Mavericks
Dirk Nowitzki
95.4%
SF, Oklahoma City Thunder
Kevin Durant
95.3%
PG, Chicago Bulls
Derrick Rose
94.5%
PF, Los Angeles Lakers
Pau Gasol
93.7%
C, Memphis Grizzlies
Marc Gasol
93%
PG, Oklahoma City Thunder
Russell Westbrook
92.1%
PF, New Orleans Hornets
David West
91.7%
PF, Miami Heat
Chris Bosh
91.6%
SF, Boston Celtics
Paul Pierce
91.5%
PF, Boston Celtics
Kevin Garnett
91.5%
PF, San Antonio Spurs
Tim Duncan
91.4%
SF, New York Knicks
Carmelo Anthony
91%
PG, San Antonio Spurs
Tony Parker
90.8%
PG, New Jersey Nets
Deron Williams
90.3%
PF, Los Angeles Clippers
Blake Griffin
89.7%
PG, Phoenix Suns
Steve Nash
89.5%
PG, Boston Celtics
Rajon Rondo
89.1%
G, Philadelphia 76ers
Louis Williams
88.8%
PF, Minnesota Timberwolves
Kevin Love
86.2%
SG, Boston Celtics
Ray Allen
85.5%
PF, Memphis Grizzlies
Zach Randolph
85.3%
SG, Memphis Grizzlies
Tony Allen
84.8%
PF, Portland Trail Blazers
LaMarcus Aldridge
84.7%
PF, New York Knicks
Amar’e Stoudemire
83.2%
SG, San Antonio Spurs
Manu Ginobili
83.1%
PG, Dallas Mavericks
Jason Kidd
81.2%
PG, Golden State Warriors
Stephen Curry
80.9%
SG, Atlanta Hawks
Joe Johnson
80%
C, Atlanta Hawks
Al Horford
79.4%
Position, Team
Player
% Correct
C, Chicago Bulls
Joakim Noah
79.3%
PF, Chicago Bulls
Carlos Boozer
76.3%
F, Atlanta Hawks
Josh Smith
76.3%
C, Los Angeles Lakers
Andrew Bynum
76.3%
SF, Memphis Grizzlies
Rudy Gay
76.1%
SG, Golden State Warriors
Monta Ellis
75.3%
C, Dallas Mavericks
Tyson Chandler
74.4%
SF, Denver Nuggets
Wilson Chandler
74.1%
G-
F, Philadelphia 76ers
Andre Iguodala
73.9%
C, New Jersey Nets
Brook Lopez
73.2%
F, Los Angeles Lakers
Lamar Odom
71.9%
C, Denver Nuggets
Nene
71.4%
PG, Washington Wizards
John Wall
70.6%
SF, Indiana Pacers
Danny Granger
70.3%
SG, Portland Trail Blazers
Brandon Roy
68.3%
SF, Chicago Bulls
Luol Deng
68.3%
C, Milwaukee Bucks
Andrew Bogut
68%
SG, Oklahoma City Thunder
James Harden
67.3%
SG, Los Angeles Clippers
Eric Gordon
67.2%
SG, Dallas Mavericks
Jason Terry
67%
G, Sacramento Kings
Tyreke Evans
66.4%
PG, New York Knicks
Chauncey Billups
66.1%
SG, Houston Rockets
Kevin Martin
64.8%
SF, L.A. Lakers
Ron Artest
63.5%
PF, Oklahoma City Thunder
Serge Ibaka
63.3%
PG, Orlando Magic
Jameer Nelson
62.4%
PF, Philadelphia 76ers
Elton Brand
62.3%
F-
C, Utah Jazz
Al Jefferson
62.1%
PF, Utah Jazz
Paul Millsap
61.2%
F, Dallas Mavericks
Shawn Marion
59.8%
PF, Golden State Warriors
David Lee
59.6%
SF, Detroit Pistons
Tayshaun Prince
56.4%
PG, Memphis Grizzlies
Mike Conley
55.1%
PG, Utah Jazz
Devin Harris
55%
Position, Team
Player
% Correct
G, Atlanta Hawks
Jamal Crawford
51.7%
C, Los Angeles Clippers
Chris Kaman
51.5%
PF, Houston Rockets
Luis Scola
51.4%
F, Portland Trail Blazers
Gerald Wallace
51.3%
F-
C, Toronto Raptors
Andrea Bargnani
50.3%
C, Indiana Pacers
Roy Hibbert
50.2%
SG, Memphis Grizzlies
O.J. Mayo
49.2%
PG, Denver Nuggets
Andre Miller
49%
PG, Denver Nuggets
Ty Lawson
49%
PG, Portland Trail Blazers
Raymond Felton
48.4%
SF, Dallas Mavericks
Caron Butler
48.1%
C, Los Angeles Clippers
DeAndre Jordan
48%
SG, Orlando Magic
Jason Richardson
47.6%
SF, Phoenix Suns
Grant Hill
47%
G, Indiana Pacers
George Hill
46.8%
C, New Orleans Hornets
Emeka Okafor
46.7%
SF, Utah Jazz
Andrei Kirilenko
46.3%
PG, Philadelphia 76ers
Jrue Holiday
43.4%
SF, Orlando Magic
Hedo Turkoglu
42.1%
PF, Oklahoma City Thunder
Nick Collison
41.2%
SF, Denver Nuggets
Danilo Gallinari
40.6%
C, Phoenix Suns
Marcin Gortat
40.5%
G, Detroit Pistons
Rodney Stuckey
40%
PG, Houston Rockets
Kyle Lowry
39.4%
F, Philadelphia 76ers
Thaddeus Young
38%
F-
C, Cleveland Cavaliers
Anderson Varejao
37.9%
SF, Portland Trail Blazers
Nicolas Batum
37%
SG, Portland Trail Blazers
Wesley Matthews
35.7%
G-
F, Milwaukee Bucks
Stephen Jackson
34.5%
SF, Memphis Grizzlies
Shane Battier
25.6%
G-
F, Sacramento Kings
John Salmons
23.1%
SG, Denver Nuggets
Arron Afflalo
2.2%
Quiz Playlist
Details
Report
Send in Message
Add To Playlist
Classic:
Type in answers that appear in a list
Quiz Source
Last Updated: Jul 14, 2017
Quiz Scoreboard
CHALLENGE
Sign Up to Join the Scoreboard
Show All
Scores
Hide
Comments
May contain spoilers
Recently Published
College Basketball Coaching Resumes
by pancakes188
Sports
9m
Billboard Blitz: Fleetwood Mac
by CooCooCachoo
Music
15s
Presidents Visiting Landmarks
by Hejman
History
7m
More to Explore
Quiz From the Vault
Featured Blog Post
Where Did the Easter Bunny Come From?
hide this ad
You Might Also Like...
Tags
Basketball Quiz
NBA Quiz
100
2010-2011
NBA Player
Player
Top 100
Today's Top Quizzes in Sports
Browse Sports
hide this ad
Today's Top Quizzes in Basketball
Browse Basketball
Top Contributed Quizzes in Sports
1
2022 World Cup Stars
2
Les meilleurs buteurs des matchs entre le PSG et l’OM
3
FIFA Club World Cup Champions
4
Les entraîneurs de l'OM et du PSG au 21e siècle
5
Criteria MLB: Left Handed Sluggers
6
AFC Teams Reveal (Wrong Answers Minefield)
7
5-to-1: UK Sports Teams
8
5-to-1: FBS Animal Nicknames
9
2023 MLB Unique Player Accomplishments
10
Name the Premier League winners with different clubs
Explore More
Trending Topics
Anime
Harry Potter
NBA
Kpop
Marvel
Disney
Crossword
Soccer
NFL
Country
The Office
WWE
Song
Puzzle
Pokémon
hide this ad
More By:
badeyes07
Quiz
Plays
Rating
Category
Featured
Created
Top 100 NBA Players (2010-2011)
5,966
2.64
Sports
Aug 16, 2011
1986: Unforgettable Year in Sports
127
4.50
Sports
Sep 6, 2011
Pitchers who have won the most 1-0 games in the last 50 year
115
3.83
Sports
Sep 7, 2011
Go to Creator's Profile
Score Distribution
Quiz Creator Spotlight
badeyes07
Follow
Send a Message
Quizzes Created
-
Created Quiz Play Count
-
More By This Creator
Popular Quizzes Today
1
Find the US States - No Outlines Minefield
2
Find the Countries of Europe - No Outlines Minefield
3
The Countries of the World
4
Find the US States
5
Risky Map Clicking: Biggest States A-Z
6
US States
7
Popular People in 1961
8
Movies - When Are They Set?
More Sports Quizzes
Top 100 Active NHL Point, Goal, Assist Leaders
Quiz Lab
Trending Quizzes
Risky Map Clicking: Least Populous States A-Z
1-10 Letter G Words
1-10 Letter F Words
Risky Map Clicking: Next State Alphabetically
Risky Map Clicking: Biggest States A-Z
Recently Updated
Leaping Animals
pecheneg
Reality TV Shows (A-Z)
bhenderson79
Rickey Henderson's Hall of Fame Teammates
pecheneg
Champions League XIs: Arsenal
pecheneg
Quick Pick: Celebrities in WWE's Hall of Fame
aduchscher
A-Z Keypad Blitz II
pecheneg
Multiple Oscar Actors
pecheneg
Mystery Phrase Blitz: Oscar 'Best Actors'
pecheneg
F. Scott Fitzgerald Novels
LTH
Pick 3 Villains
ddd62291
Trending Topics
Crossword
NBA
Disney
Anime
Harry Potter
Kpop
Marvel
Song
Soccer
Country
Puzzle
The Office
WWE
NFL
Pokémon
Your Account Isn't Verified!
In order to create a playlist on Sporcle, you need to verify the email address you used during registration. Go to your
Sporcle Settings
to finish the process.
Report this User
Report this user for behavior that violates our
Community Guidelines
.
Details:
Send Report
Go to the Sporcle.com Mobile Site →
Comments